000 00843nas a2200253 4500
001 BR7905723
003 BR-BrBNA
005 20231205083934.0
007 ta
008 230509b bl.|||p| |||| 00| 00por d
040 _aBR-BrBNA
_bpor
_cBiblioteca Nacional de Agricultura
041 _a(Pt)
072 _aF00
100 1 _aCastro, P.R.C.
100 1 _aGutierrez, L.E.
245 1 _aTeores de aminoacidos e fenois em plantulas de algodoeiro (Gossypium hirsutum L. cv. 'IAC' - 17')sob acao de reguladores vegetais
650 _aProducao vegetal
650 _aAlgodao
650 _aRegulador de crescimento
650 _aAminoacido
773 0 _tAnais da Escola Superior de Agricultura Luiz de Queiroz (Brazil)
_xISSN 0071-1276
_g(1979), v. 36 p. 89-97
_wBR7905723
909 _a202311
_bLúcia
_c55
_dLúcia Elande
942 _2AGRIS
_n0
_cANA
999 _c102154
_d102154